书目信息 |
| 题名: |
中国反倾销:产业损害幅度测算方法
|
|
| 作者: | 产业损害程度理论与计算方法课题组 著 | |
| 分册: | ||
| 出版信息: | 北京 清华大学出版社 2003.06 |
|
| 页数: | 100页 | |
| 开本: | 24cm | |
| 丛书名: | ||
| 单 册: | ||
| 中图分类: | D922.294 | |
| 科图分类: | ||
| 主题词: | 法律--中国 | |
| 电子资源: | ||
| ISBN: | 7-302-06622-1 | |
| 000 | 00847nam0 2200205 45 | |
| 001 | 0432910342 | |
| 005 | 2004061609083009 | |
| 010 | @a7-302-06622-1@dCNY 28.00 | |
| 100 | @a20040616d2003 km y0chiy0120 ea | |
| 101 | 0 | @achi |
| 102 | @aCN@b110000 | |
| 200 | 1 | @a中国反倾销:产业损害幅度测算方法@AZhong Guo Fan Qing Xiao:Chan Ye Sun Hai Fu Du Ce Suan Fang Fa@e产业损害幅度测算方法@f产业损害程度理论与计算方法课题组著@FChan Ye Sun Hai Cheng Du Li Lun Yu Ji Suan Fang Fa Ke Ti Zu Zhu |
| 210 | @a北京@c清华大学出版社@d2003.06 | |
| 215 | @a100页@d24cm | |
| 517 | @a产业损害幅度测算方法@AChan Ye Sun Hai Fu Du Ce Suan Fang Fa | |
| 606 | 0 | @a法律@x中国 |
| 690 | @aD922.294@v3 | |
| 701 | 0 | @a产业损害程度理论与计算方法课题组@AChan Ye Sun Hai Cheng Du Li Lun Yu Ji Suan Fang Fa Ke Ti Zu@4著 |
| 801 | 0 | @aCN@bPFT@c20040616 |
| 905 | @a安徽大学@dD922.294@eC215 | |
| 中国反倾销:产业损害幅度测算方法:产业损害幅度测算方法/产业损害程度理论与计算方法课题组著.-北京:清华大学出版社,2003.06 |
| 100页;24cm |
| ISBN 7-302-06622-1:CNY 28.00 |
| ● |
| 相关链接 |
|
|
|
正题名:中国反倾销:产业损害幅度测算方法
索取号:D922.294/C215
 
预约/预借
| 序号 | 登录号 | 条形码 | 馆藏地/架位号 | 状态 | 备注 |
| 1 | 380587 | 203805873 | 社科库509/509社科库 88排1列1层/ [索取号:D922.294/C215] | 在馆 | |
| 2 | 380588 | 203805882 | 社科库509/509社科库 88排1列1层/ [索取号:D922.294/C215] | 在馆 | |
| 3 | 380589 | 203805891 | 社科库509/509社科库 88排1列1层/ [索取号:D922.294/C215] | 在馆 |